Indah di mata : Panduan membelai diri

Bibliographic Details
Other Authors: Patonah Chai Choh
Format: Book
Published: Selangor : Alaf 21 Sdn.Bhd , 2006
Subjects:

MARC

LEADER 00000cam a2200000 7i4500
001 0000014561
005 20100614.0
008 070807
020 |a 9831242092 
090 0 0 |a 646.72   |b IND 
245 1 0 |a Indah di mata :   |b Panduan membelai diri   |c susunan Patonah Chai Choh 
260 |a Selangor :   |b Alaf 21 Sdn.Bhd ,   |c 2006 
650 0 |a Beauty, personal 
650 0 |a Health care 
650 0 |a Skin   |x JCare and hygiene 
700 0 |a Patonah Chai Choh 
999 |a 0000939723   |b Book   |c Adult Collection   |e Cawangan Taman Sri Lambak 
999 |a 0001014788   |b Book   |c Adult Collection   |e Cawangan Urban Transformation Centre 
999 |a 0001014789   |b Book   |c Adult Collection   |e Cawangan Urban Transformation Centre 
999 |a 0001071256   |b Book   |c Adult Collection   |e Perbadanan Perpustakaan Awam Johor 
999 |a 0001071257   |b Book   |c Adult Collection   |e Perbadanan Perpustakaan Awam Johor 
999 |a 0001071339   |b Book   |c Adult Collection   |e Cawangan Bukit Gambir